000 00657nam a2200229Ia 4500
003 OSt
005 20220930071640.0
006 a|||||r|||| 00| 0
007 ta
008 220926b |||||||| |||| 00| 0 hin d
024 _a17763
037 _cTheses
040 _aCRL
_cCRL
_bhin
041 _2hin
_ahin
100 _aSharma Vidhya
_9528749
110 _aUniversity of Delhi. Faculty of Arts. Department of Hindi
245 0 _aHindi ki rashtriye sanskritik kavita mein ahinsa ki bhavna.
260 _c1974
700 _aUniversity of Delhi. Faculty of Arts. Department of Hindi
942 _cDIS
_2CC
999 _c862608
_d862608